Clash royale 2 elixir cards - Statistics

General Stats
  • This quiz has been taken 23 times
  • The average score is 10 of 18
Answer Stats
Answer % Correct
Spell Zap
87%
Troop Barbarian barrel
73%
Spell Log
73%
Troop Berserker
67%
Evo Evo zap
67%
Spell Giant snowball
60%
Troop Wall breakers
60%
Troop Bats
53%
Troop Bomber
53%
Evo Bomber
53%
Evo Evo giant snowball
53%
Evo Evo wall breakers
53%
Troop Goblins
53%
Troop Ice golem
47%
Troop Spear goblins
47%
Spell Goblin curse
40%
Troop Suspicious bush
40%
Spell Rage
33%
No matching quizzes found
Score Distribution
Percent of People with Each Score
Percentile by Number Answered
Your Score History
You have not taken this quiz